Countries of the World by GDP 2024 - Statistics

General Stats
  • This quiz has been taken 25 times
  • The average score is 105 of 196
Answers on the Map
Answers color-coded by a green-red scale on the quiz's map according to % correct below.
 
Answer Stats
GDP Country % Correct
18748009 China
100%
3162023 France
94%
4658526 Germany
94%
3909097 India
94%
2372059 Italy
94%
4026211 Japan
94%
1869714 South Korea
94%
1722227 Spain
94%
3644636 United Kingdom
94%
29184900 United States
94%
2171337 Brazil
89%
2241253 Canada
89%
1852723 Mexico
89%
2161205 Russia
89%
632145 Argentina
83%
1796805 Australia
83%
1396300 Indonesia
83%
577216 Ireland
83%
1227174 Netherlands
83%
908583 Poland
83%
610118 Sweden
83%
936738 Switzerland
83%
1322405 Turkey
83%
521269 Austria
78%
664965 Belgium
78%
308590 Portugal
78%
1085358 Saudi Arabia
78%
330210 Chile
72%
418542 Colombia
72%
429458 Denmark
72%
121728 Ecuador
72%
383109 Egypt
72%
257067 Greece
72%
483727 Norway
72%
289070 Peru
72%
384148 Romania
72%
547387 Singapore
72%
400191 South Africa
72%
782441 Taiwan
72%
537079 United Arab Emirates
72%
264913 Algeria
67%
71180 Belarus
67%
48404 Bolivia
67%
112232 Bulgaria
67%
92506 Croatia
67%
344931 Czech Republic
67%
71011 Democratic Republic of the Congo
67%
124613 Dominican Republic
67%
143123 Ethiopia
67%
298833 Finland
67%
223060 Hungary
67%
540381 Israel
67%
120899 Kenya
67%
155350 Morocco
67%
257728 New Zealand
67%
187640 Nigeria
67%
373078 Pakistan
67%
43989 Paraguay
67%
89074 Serbia
67%
140636 Slovakia
67%
72463 Slovenia
67%
80171 Tanzania
67%
526411 Thailand
67%
190426 Ukraine
67%
80961 Uruguay
67%
119808 Venezuela
67%
459472 Vietnam
67%
27259 Albania
61%
115946 Angola
61%
451096 Bangladesh
61%
28795 Bosnia and Herzegovina
61%
95365 Costa Rica
61%
42752 Estonia
61%
24659 Guyana
61%
401357 Iran
61%
277478 Iraq
61%
284810 Kazakhstan
61%
158568 Kuwait
61%
43508 Latvia
61%
84847 Lithuania
61%
93169 Luxembourg
61%
419617 Malaysia
61%
61176 Myanmar
61%
87688 Panama
61%
461617 Philippines
61%
221452 Qatar
61%
53063 Tunisia
61%
0 Vatican City
61%
35337 El Salvador
56%
112575 Guatemala
56%
36965 Honduras
56%
33463 Iceland
56%
42159 Libya
56%
106943 Oman
56%
31654 Papua New Guinea
56%
2063 San Marino
56%
4038 Andorra
50%
74316 Azerbaijan
50%
46943 Bahrain
50%
47328 Cambodia
50%
52784 Cameroon
50%
87096 Cote d'Ivoire
50%
36156 Cyprus
50%
33775 Georgia
50%
82825 Ghana
50%
53428 Jordan
50%
11151 Kosovo
50%
28280 Lebanon
50%
24315 Malta
50%
10280 Monaco
50%
8023 Montenegro
50%
31900 North Korea
50%
28270 Sudan
50%
4458 Suriname
50%
60043 Syria
50%
114962 Uzbekistan
50%
25533 Armenia
44%
471 Federated States of Micronesia
44%
5949 Fiji
44%
9424 Liechtenstein
44%
280 Marshall Islands
44%
18126 Moldova
44%
161 Nauru
44%
43419 Nepal
44%
16679 North Macedonia
44%
1068 Samoa
44%
32892 Senegal
44%
1777 Solomon Islands
44%
98964 Sri Lanka
44%
2015 Timor-Leste
44%
539 Tonga
44%
25524 Trinidad and Tobago
44%
82515 Turkmenistan
44%
65 Tuvalu
44%
56453 Uganda
44%
14761 Bahamas
39%
3427 Belize
39%
9000 Cuba
39%
697 Dominica
39%
1392 Grenada
39%
26229 Haiti
39%
20069 Jamaica
39%
308 Kiribati
39%
19710 Nicaragua
39%
306 Palau
39%
1117 Saint Kitts and Nevis
39%
1162 Saint Vincent and the Grenadines
39%
796 Sao Tome and Principe
39%
1206 Vanuatu
39%
26326 Zambia
39%
35224 Zimbabwe
39%
2225 Antigua and Barbuda
33%
21249 Benin
33%
3092 Bhutan
33%
15463 Brunei
33%
23975 Burkina Faso
33%
1456 Comoros
33%
1982 Eritrea
33%
25758 Guinea
33%
15879 Laos
33%
7019 Maldives
33%
23586 Mongolia
33%
2168 Seychelles
33%
13544 Tajikistan
33%
19101 Yemen
33%
17248 Afghanistan
28%
7167 Barbados
28%
19356 Botswana
28%
20774 Gabon
28%
2558 Gambia
28%
17491 Kyrgyzstan
28%
22724 Mali
28%
21944 Mozambique
28%
2523 Saint Lucia
28%
4743 Burundi
22%
2726 Cape Verde
22%
2831 Central African Republic
22%
19078 Chad
22%
12544 Equatorial Guinea
22%
5199 Eswatini
22%
2184 Guinea-Bissau
22%
2309 Lesotho
22%
4818 Liberia
22%
17420 Madagascar
22%
11797 Malawi
22%
14953 Mauritius
22%
19866 Niger
22%
7653 Sierra Leone
22%
5423 South Sudan
22%
9776 Togo
22%
4257 Djibouti
17%
10697 Mauritania
17%
13370 Namibia
17%
14893 Republic of the Congo
17%
14251 Rwanda
17%
12134 Somalia
17%
No matching quizzes found
Score Distribution
Percent of People with Each Score
Percentile by Number Answered
Your Score History
You have not taken this quiz